00861nam a2200229 a 4500001001000000003000500010005001700015008004100032010001100073011001100084040000900095100003700104245015500141260004100296500006000337502008500397650002500482650002500507650001300532856001600545856007000561000111057CHAP20220329144156.0141127s2014 mx fsm |||||||spa d a107519 a108491 cCHAP1 aCayón Quiroz, Victoria Nallely10aPropuesta de intervención en el aula, para mejorar habilidades del habla en niños de prescolarh[En línea]cpor Victoria Nallely Cayón Quiroz. aChapingo, Méx. :bEl autor,c2014. aPara ver el contenido del material haga clic en la liga aTesis (Maestra en Procesos Educativos) -- UACH. Centro de Educación Continúa14aComunicación oral.14aDesarrollo infantil.14aNiños. a1 n0001487 aFinding aiduhttp://10.13.5.2/tesis/sist111057.pdfzTeclea aquí